[Event "DVM U14 2022"]
[Site "Kelheim GER"]
[Date "2022.12.28"]
[Round "3"]
[White "Semling, Julius"]
[Black "Haug, Mara"]
[Result "1-0"]
[Termination "normal"]
[Board "8.1"]
[WhiteElo "1915"]
[BlackElo "1629"]
[WhiteClock "01:16:30"]
[BlackClock "00:32:07"]
[WhiteTeam "OSG Baden-Baden"]
[BlackTeam "Karlsruher SF 1853"]
[PlyCount "91"]
[WhiteFideId "16290160"]
[BlackFideId "16259300"]
[EventCountry "GER"]
[EventRounds "7"]
[EventType "team-swiss"]
[EventDate "2022.12.26"]

1. d4 {[%clk 01:30:58]} {[%emt 00:00:02]} Nf6 {[%clk 01:30:52]} {[%emt
00:00:09]} 2. Nc3 {[%clk 01:31:21]} {[%emt 00:00:07]} d5 {[%clk 01:31:16]}
{[%emt 00:00:06]} 3. Bf4 {[%clk 01:31:44]} {[%emt 00:00:07]} c5 {[%clk
01:31:37]} {[%emt 00:00:09]} 4. e3 {[%clk 01:32:07]} {[%emt 00:00:07]} Nc6
{[%clk 01:30:52]} {[%emt 00:01:15]} 5. Nb5 {[%clk 01:31:08]} {[%emt 00:01:29]}
e5 {[%clk 01:17:55]} {[%emt 00:13:27]} 6. Bxe5 {[%clk 01:30:41]} {[%emt
00:00:57]} Nxe5 {[%clk 01:16:29]} {[%emt 00:01:55]} 7. dxe5 {[%clk 01:31:05]}
{[%emt 00:00:06]} Ng4 {[%clk 01:10:17]} {[%emt 00:06:43]} 8. Qxd5 {[%clk
01:27:21]} {[%emt 00:04:14]} Qxd5 {[%clk 01:09:44]} {[%emt 00:01:03]} 9. Nc7
{[%clk 01:27:44]} {[%emt 00:00:06]} Kd8 {[%clk 01:09:36]} {[%emt 00:00:38]} 10.
Nxd5 {[%clk 01:28:07]} {[%emt 00:00:07]} Nxe5 {[%clk 01:09:36]} {[%emt
00:00:30]} 11. O-O-O {[%clk 01:27:24]} {[%emt 00:01:14]} Bd7 {[%clk 01:08:02]}
{[%emt 00:02:03]} 12. h3 {[%clk 01:26:47]} {[%emt 00:01:08]} Rc8 {[%clk
01:04:00]} {[%emt 00:04:31]} 13. Ne2 {[%clk 01:25:42]} {[%emt 00:01:35]} Ke8
{[%clk 01:02:21]} {[%emt 00:02:09]} 14. Nec3 {[%clk 01:24:30]} {[%emt
00:01:43]} Be7 {[%clk 00:53:53]} {[%emt 00:08:57]} 15. Be2 {[%clk 01:16:34]}
{[%emt 00:08:26]} Bc6 {[%clk 00:52:27]} {[%emt 00:01:56]} 16. Bb5 {[%clk
01:13:20]} {[%emt 00:03:43]} Kf8 {[%clk 00:50:21]} {[%emt 00:02:38]} 17. Bxc6
{[%clk 01:12:57]} {[%emt 00:00:53]} Rxc6 {[%clk 00:49:08]} {[%emt 00:01:42]}
18. Nxe7 {[%clk 01:12:28]} {[%emt 00:00:58]} Kxe7 {[%clk 00:48:45]} {[%emt
00:00:53]} 19. Rd5 {[%clk 01:12:05]} {[%emt 00:00:54]} Nd7 {[%clk 00:47:20]}
{[%emt 00:01:56]} 20. Rhd1 {[%clk 01:11:36]} {[%emt 00:00:58]} Nf6 {[%clk
00:45:47]} {[%emt 00:02:04]} 21. Re5 {[%clk 01:11:49]} {[%emt 00:00:15]} Re6
{[%clk 00:45:05]} {[%emt 00:01:13]} 22. Rxc5 {[%clk 01:11:59]} {[%emt
00:00:20]} Rc6 {[%clk 00:43:56]} {[%emt 00:01:39]} 23. Re5 {[%clk 01:11:03]}
{[%emt 00:01:25]} Re6 {[%clk 00:44:23]} {[%emt 00:00:05]} 24. Nd5 {[%clk
01:10:41]} {[%emt 00:00:51]} Nxd5 {[%clk 00:42:05]} {[%emt 00:02:48]} 25. Rexd5
{[%clk 01:10:22]} {[%emt 00:00:49]} Rb8 {[%clk 00:40:27]} {[%emt 00:02:07]} 26.
Rd7 {[%clk 01:10:24]} {[%emt 00:00:29]} Kf6 {[%clk 00:40:53]} {[%emt 00:00:04]}
27. Rc7 {[%clk 01:10:40]} {[%emt 00:00:14]} Kg6 {[%clk 00:38:20]} {[%emt
00:03:04]} 28. Rdd7 {[%clk 01:10:06]} {[%emt 00:01:03]} Rf6 {[%clk 00:38:17]}
{[%emt 00:00:33]} 29. f3 {[%clk 01:10:30]} {[%emt 00:00:07]} a6 {[%clk
00:36:16]} {[%emt 00:02:30]} 30. Rxb7 {[%clk 01:10:27]} {[%emt 00:00:33]} Rxb7
{[%clk 00:36:38]} {[%emt 00:00:09]} 31. Rxb7 {[%clk 01:10:52]} {[%emt
00:00:04]} Rd6 {[%clk 00:35:51]} {[%emt 00:01:17]} 32. Rb4 {[%clk 01:10:40]}
{[%emt 00:00:42]} f6 {[%clk 00:34:44]} {[%emt 00:01:37]} 33. Rd4 {[%clk
01:11:03]} {[%emt 00:00:07]} Re6 {[%clk 00:34:49]} {[%emt 00:00:25]} 34. Kd2
{[%clk 01:11:30]} {[%emt 00:00:04]} Rb6 {[%clk 00:34:47]} {[%emt 00:00:30]} 35.
b3 {[%clk 01:11:58]} {[%emt 00:00:04]} Rc6 {[%clk 00:34:43]} {[%emt 00:00:33]}
36. c4 {[%clk 01:12:25]} {[%emt 00:00:04]} Kf7 {[%clk 00:32:31]} {[%emt
00:02:42]} 37. Kc3 {[%clk 01:12:53]} {[%emt 00:00:03]} Ke7 {[%clk 00:31:01]}
{[%emt 00:01:58]} 38. b4 {[%clk 01:13:18]} {[%emt 00:00:06]} h6 {[%emt
00:01:12]} 39. a4 {[%clk 01:13:30]} Rb6 {[%clk 00:30:31]} {[%emt 00:00:35]} 40.
c5 {[%clk 01:13:53]} {[%emt 00:00:08]} Rc6 {[%clk 00:30:57]} {[%emt 00:00:04]}
41. Kc4 {[%clk 01:14:20]} {[%emt 00:00:03]} Rc7 {[%clk 00:30:49]} {[%emt
00:00:38]} 42. b5 {[%clk 01:14:45]} {[%emt 00:00:05]} axb5 {[%clk 00:31:07]}
{[%emt 00:00:11]} 43. axb5 {[%clk 01:15:14]} {[%emt 00:00:01]} Rb7 {[%clk
00:31:23]} {[%emt 00:00:14]} 44. c6 {[%clk 01:15:42]} {[%emt 00:00:02]} Rc7
{[%clk 00:31:48]} {[%emt 00:00:05]} 45. Kc5 {[%clk 01:16:07]} {[%emt 00:00:06]}
Rc8 {[%clk 00:32:07]} {[%emt 00:00:11]} 46. b6 {[%clk 01:16:30]} {[%emt
00:00:07]} 1-0

[Event "DVM U14 2022"]
[Site "Kelheim GER"]
[Date "2022.12.28"]
[Round "3"]
[White "Khachaturyan, Konstantin"]
[Black "Semling, Johannes"]
[Result "0-1"]
[Termination "normal"]
[Board "8.2"]
[WhiteElo "1361"]
[BlackElo "1794"]
[WhiteClock "00:03:24"]
[BlackClock "00:14:04"]
[WhiteTeam "Karlsruher SF 1853"]
[BlackTeam "OSG Baden-Baden"]
[PlyCount "96"]
[WhiteFideId "16239083"]
[BlackFideId "16290151"]
[EventCountry "GER"]
[EventRounds "7"]
[EventType "team-swiss"]
[EventDate "2022.12.26"]

1. e4 {[%clk 01:30:58]} {[%emt 00:00:02]} c5 {[%clk 01:30:41]} {[%emt
00:00:20]} 2. Nf3 {[%clk 01:31:24]} {[%emt 00:00:03]} d6 {[%clk 01:30:48]}
{[%emt 00:00:22]} 3. d4 {[%clk 01:31:48]} {[%emt 00:00:07]} cxd4 {[%clk
01:31:03]} {[%emt 00:00:15]} 4. Nxd4 {[%clk 01:32:12]} {[%emt 00:00:05]} Nf6
{[%clk 01:31:08]} {[%emt 00:00:26]} 5. Nc3 {[%clk 01:32:35]} {[%emt 00:00:07]}
a6 {[%clk 01:31:20]} {[%emt 00:00:18]} 6. Be2 {[%clk 01:32:58]} {[%emt
00:00:06]} e6 {[%clk 01:31:16]} {[%emt 00:00:34]} 7. Be3 {[%clk 01:33:19]}
{[%emt 00:00:10]} Be7 {[%clk 01:30:52]} {[%emt 00:00:54]} 8. O-O {[%emt
00:01:01]} O-O {[%clk 01:30:25]} {[%emt 00:00:02]} 9. f4 {[%clk 01:34:07]}
{[%emt 00:00:06]} Qc7 {[%clk 01:30:13]} {[%emt 00:00:42]} 10. g4 {[%clk
01:34:14]} {[%emt 00:00:23]} b5 {[%clk 01:18:22]} {[%emt 00:12:20]} 11. g5
{[%clk 01:26:32]} {[%emt 00:08:12]} Ne8 {[%clk 01:13:43]} {[%emt 00:05:08]} 12.
f5 {[%clk 01:15:22]} {[%emt 00:11:42]} b4 {[%clk 01:12:36]} {[%emt 00:01:36]}
13. Nb1 {[%clk 00:50:51]} {[%emt 00:25:02]} e5 {[%clk 01:08:47]} {[%emt
00:04:18]} 14. Nf3 {[%clk 00:29:26]} {[%emt 00:21:56]} Bb7 {[%clk 01:03:46]}
{[%emt 00:05:29]} 15. Bd3 {[%clk 00:27:41]} {[%emt 00:02:16]} Nd7 {[%clk
00:57:25]} {[%emt 00:06:51]} 16. Nbd2 {[%clk 00:26:07]} {[%emt 00:02:04]} Nc5
{[%clk 00:54:34]} {[%emt 00:03:19]} 17. Bxc5 {[%clk 00:25:00]} {[%emt
00:01:40]} Qxc5 {[%clk 00:52:31]} {[%emt 00:02:33]} 18. Kh1 {[%clk 00:22:24]}
{[%emt 00:03:06]} Qe3 {[%clk 00:42:30]} {[%emt 00:10:27]} 19. Re1 {[%clk
00:12:28]} {[%emt 00:10:29]} Qf4 {[%clk 00:41:38]} {[%emt 00:01:20]} 20. Rg1
{[%clk 00:12:06]} {[%emt 00:00:53]} d5 {[%clk 00:38:26]} {[%emt 00:03:43]} 21.
Qe2 {[%clk 00:10:45]} {[%emt 00:01:51]} Nd6 {[%clk 00:36:34]} {[%emt 00:02:22]}
22. Rae1 {[%clk 00:06:55]} {[%emt 00:04:21]} dxe4 {[%clk 00:31:07]} {[%emt
00:05:57]} 23. Nxe4 {[%clk 00:07:03]} {[%emt 00:00:21]} Nxf5 {[%clk 00:27:05]}
{[%emt 00:04:33]} 24. Rgf1 {[%clk 00:02:19]} {[%emt 00:05:14]} Nh4 {[%clk
00:21:55]} {[%emt 00:05:37]} 25. Nxh4 {[%clk 00:02:46]} {[%emt 00:00:04]} Qxh4
{[%clk 00:22:17]} {[%emt 00:00:09]} 26. Rg1 {[%clk 00:02:05]} {[%emt 00:01:11]}
Bxg5 {[%clk 00:21:18]} {[%emt 00:01:30]} 27. Rg4 {[%clk 00:02:27]} {[%emt
00:00:08]} Qh6 {[%clk 00:19:48]} {[%emt 00:01:47]} 28. Reg1 {[%clk 00:01:57]}
{[%emt 00:01:13]} Bf4 {[%clk 00:13:39]} {[%emt 00:06:37]} 29. Rxg7 {[%clk
00:01:34]} {[%emt 00:00:54]} Kh8 {[%clk 00:12:03]} {[%emt 00:02:04]} 30. Qg2
{[%clk 00:01:52]} {[%emt 00:00:15]} Bd5 {[%clk 00:11:31]} {[%emt 00:01:01]} 31.
c4 {[%clk 00:01:55]} {[%emt 00:00:28]} bxc3 {[%clk 00:11:43]} {[%emt 00:00:16]}
32. bxc3 {[%clk 00:02:16]} {[%emt 00:00:10]} Be3 {[%clk 00:10:16]} {[%emt
00:01:56]} 33. Rf1 {[%clk 00:01:04]} {[%emt 00:01:44]} Qxg7 {[%clk 00:10:32]}
{[%emt 00:00:13]} 34. Qh3 {[%clk 00:00:40]} {[%emt 00:00:54]} f5 {[%clk
00:10:35]} {[%emt 00:00:25]} 35. Qxe3 {[%clk 00:00:31]} {[%emt 00:00:42]} Bxe4
{[%clk 00:10:46]} {[%emt 00:00:18]} 36. Bxe4 {[%clk 00:00:47]} {[%emt
00:00:15]} fxe4 {[%clk 00:11:11]} {[%emt 00:00:05]} 37. Rg1 {[%clk 00:01:02]}
{[%emt 00:00:15]} Qe7 {[%clk 00:11:01]} {[%emt 00:00:32]} 38. Rg3 {[%clk
00:01:00]} {[%emt 00:00:40]} Rf1 {[%clk 00:10:56]} {[%emt 00:00:34]} 39. Kg2
{[%clk 00:01:25]} {[%emt 00:00:05]} Rf3 {[%clk 00:11:20]} {[%emt 00:00:02]} 40.
Rxf3 {[%clk 00:01:50]} {[%emt 00:00:09]} exf3 {[%clk 00:11:38]} {[%emt
00:00:11]} 41. Qxf3 {[%clk 00:02:07]} {[%emt 00:00:14]} Rg8 {[%clk 00:12:03]}
{[%emt 00:00:04]} 42. Kh1 {[%clk 00:02:30]} {[%emt 00:00:08]} Qg7 {[%clk
00:12:11]} {[%emt 00:00:21]} 43. Qf2 {[%clk 00:02:40]} {[%emt 00:00:21]} Qg5
{[%clk 00:12:35]} {[%emt 00:00:05]} 44. h4 {[%clk 00:02:57]} {[%emt 00:00:15]}
Qf4 {[%clk 00:12:51]} {[%emt 00:00:07]} 45. Qxf4 {[%clk 00:02:21]} {[%emt
00:01:13]} exf4 {[%clk 00:13:15]} {[%emt 00:00:05]} 46. Kh2 {[%clk 00:02:40]}
{[%emt 00:00:12]} f3 {[%clk 00:13:31]} {[%emt 00:00:12]} 47. h5 {[%emt
00:00:08]} f2 {[%clk 00:13:53]} {[%emt 00:00:06]} 48. h6 {[%clk 00:03:24]}
{[%emt 00:00:12]} f1=Q {[%clk 00:14:04]} {[%emt 00:00:18]} 0-1

[Event "DVM U14 2022"]
[Site "Kelheim GER"]
[Date "2022.12.28"]
[Round "3"]
[White "Yin, Vito"]
[Black "Ensslen, Jakob"]
[Result "1-0"]
[Termination "normal"]
[Board "8.3"]
[WhiteElo "1441"]
[BlackElo "1345"]
[WhiteClock "01:13:25"]
[BlackClock "00:56:47"]
[WhiteTeam "OSG Baden-Baden"]
[BlackTeam "Karlsruher SF 1853"]
[PlyCount "45"]
[WhiteFideId "34601759"]
[BlackFideId "34640258"]
[EventCountry "GER"]
[EventRounds "7"]
[EventType "team-swiss"]
[EventDate "2022.12.26"]

1. c4 {[%clk 01:30:05]} {[%emt 00:00:55]} e5 {[%clk 01:30:43]} {[%emt
00:00:17]} 2. Nc3 {[%clk 01:28:15]} {[%emt 00:02:21]} Nf6 {[%clk 01:30:49]}
{[%emt 00:00:23]} 3. g3 {[%clk 01:27:26]} {[%emt 00:01:20]} c6 {[%clk
01:30:09]} {[%emt 00:01:09]} 4. d4 {[%clk 01:25:43]} {[%emt 00:02:13]} Bd6
{[%clk 01:28:46]} {[%emt 00:01:53]} 5. Bg2 {[%clk 01:21:00]} {[%emt 00:05:13]}
Bc7 {[%clk 01:28:22]} {[%emt 00:00:54]} 6. e3 {[%clk 01:19:15]} {[%emt
00:02:15]} d5 {[%clk 01:27:04]} {[%emt 00:01:49]} 7. cxd5 {[%clk 01:19:21]}
{[%emt 00:00:23]} cxd5 {[%clk 01:22:54]} {[%emt 00:04:40]} 8. dxe5 {[%emt
00:00:45]} Bxe5 {[%clk 01:21:00]} {[%emt 00:02:22]} 9. Nxd5 {[%clk 01:18:16]}
{[%emt 00:01:22]} Bg4 {[%clk 01:17:40]} {[%emt 00:03:50]} 10. Nxf6 {[%clk
01:17:03]} {[%emt 00:01:44]} Qxf6 {[%clk 01:16:46]} {[%emt 00:01:22]} 11. Qxg4
{[%clk 01:17:08]} {[%emt 00:00:27]} O-O {[%clk 01:16:48]} {[%emt 00:00:27]} 12.
Qf3 {[%clk 01:16:20]} {[%emt 00:01:19]} Bc3 {[%clk 01:13:58]} {[%emt 00:03:19]}
13. Kf1 {[%clk 01:16:20]} {[%emt 00:00:30]} Qe5 {[%clk 01:00:29]} {[%emt
00:13:58]} 14. Qd5 {[%clk 01:13:09]} {[%emt 00:03:42]} Qf6 {[%clk 00:59:47]}
{[%emt 00:01:12]} 15. bxc3 {[%clk 01:11:45]} {[%emt 00:01:53]} Qxc3 {[%clk
00:59:33]} {[%emt 00:00:44]} 16. Qd4 {[%clk 01:11:51]} {[%emt 00:00:25]} Qc7
{[%clk 00:58:25]} {[%emt 00:01:37]} 17. Bb2 {[%clk 01:09:43]} {[%emt 00:02:39]}
f6 {[%clk 00:57:47]} {[%emt 00:01:08]} 18. Rc1 {[%clk 01:09:59]} {[%emt
00:00:14]} Qa5 {[%clk 00:57:31]} {[%emt 00:00:46]} 19. Bxb7 {[%clk 01:10:15]}
{[%emt 00:00:13]} Rd8 {[%clk 00:57:34]} {[%emt 00:00:27]} 20. Qc4 {[%clk
01:10:16]} {[%emt 00:00:30]} Qd5 {[%clk 00:57:11]} {[%emt 00:03:37]} 21. Bxd5
{[%clk 01:12:39]} {[%emt 00:00:07]} Kh8 {[%clk 00:56:56]} {[%emt 00:00:44]} 22.
Bxa8 {[%clk 01:13:03]} {[%emt 00:00:06]} Nd7 {[%clk 00:56:47]} {[%emt
00:00:39]} 23. Qc8 {[%clk 01:13:25]} {[%emt 00:00:08]} 1-0

[Event "DVM U14 2022"]
[Site "Kelheim GER"]
[Date "2022.12.28"]
[Round "3"]
[White "Müller, Maximilian"]
[Black "Büttner, Anton"]
[Result "0-1"]
[Termination "normal"]
[Board "8.4"]
[WhiteElo "1089"]
[BlackElo "1299"]
[WhiteClock "01:19:57"]
[BlackClock "01:13:38"]
[WhiteTeam "Karlsruher SF 1853"]
[BlackTeam "OSG Baden-Baden"]
[PlyCount "58"]
[WhiteFideId "34640282"]
[BlackFideId "16292081"]
[EventCountry "GER"]
[EventRounds "7"]
[EventType "team-swiss"]
[EventDate "2022.12.26"]

1. e4 {[%clk 01:30:59]} {[%emt 00:40:12]} e5 {[%clk 01:30:43]} {[%emt
00:00:17]} 2. Nf3 {[%clk 01:31:24]} {[%emt 00:00:05]} Nc6 {[%clk 01:31:07]}
{[%emt 00:00:06]} 3. c3 {[%clk 01:31:49]} {[%emt 00:00:05]} Nf6 {[%clk
01:31:02]} {[%emt 00:00:35]} 4. d4 {[%clk 01:32:12]} {[%emt 00:00:07]} d6
{[%clk 01:30:06]} {[%emt 00:01:26]} 5. Bd3 {[%clk 01:30:48]} {[%emt 00:01:54]}
Bg4 {[%clk 01:30:01]} {[%emt 00:00:36]} 6. h3 {[%clk 01:30:29]} {[%emt
00:00:49]} Bxf3 {[%clk 01:30:08]} {[%emt 00:00:23]} 7. Qxf3 {[%clk 01:30:40]}
{[%emt 00:00:18]} exd4 {[%clk 01:29:47]} {[%emt 00:00:51]} 8. cxd4 {[%clk
01:30:35]} {[%emt 00:00:35]} Nxd4 {[%clk 01:28:45]} {[%emt 00:01:31]} 9. Qe3
{[%clk 01:30:35]} {[%emt 00:00:30]} Nc6 {[%clk 01:27:46]} {[%emt 00:01:30]} 10.
Nc3 {[%clk 01:30:49]} {[%emt 00:00:16]} Be7 {[%clk 01:27:25]} {[%emt 00:00:50]}
11. O-O {[%clk 01:29:59]} {[%emt 00:01:20]} Ne5 {[%clk 01:25:17]} {[%emt
00:02:39]} 12. Re1 {[%clk 01:26:42]} {[%emt 00:03:46]} Nxd3 {[%clk 01:25:17]}
{[%emt 00:00:30]} 13. Qxd3 {[%clk 01:26:59]} {[%emt 00:00:13]} O-O {[%clk
01:22:41]} {[%emt 00:03:07]} 14. Qg3 {[%clk 01:25:27]} {[%emt 00:02:02]} Nh5
{[%clk 01:22:14]} {[%emt 00:00:57]} 15. Qf3 {[%clk 01:24:20]} {[%emt 00:01:36]}
Nf6 {[%clk 01:22:31]} {[%emt 00:00:14]} 16. Nd5 {[%clk 01:23:47]} {[%emt
00:01:03]} Nxd5 {[%clk 01:21:55]} {[%emt 00:01:05]} 17. exd5 {[%clk 01:24:02]}
{[%emt 00:00:16]} Re8 {[%clk 01:20:55]} {[%emt 00:01:30]} 18. Be3 {[%clk
01:22:41]} {[%emt 00:01:50]} Bf6 {[%clk 01:18:22]} {[%emt 00:03:04]} 19. Re2
{[%clk 01:22:19]} {[%emt 00:00:52]} Re5 {[%clk 01:15:31]} {[%emt 00:03:22]} 20.
Rae1 {[%clk 01:20:36]} {[%emt 00:02:12]} h6 {[%clk 01:15:01]} {[%emt 00:01:00]}
21. Bd4 {[%clk 01:20:22]} {[%emt 00:00:43]} Rxe2 {[%clk 01:14:13]} {[%emt
00:01:18]} 22. Rxe2 {[%clk 01:20:24]} {[%emt 00:00:28]} Bxd4 {[%clk 01:14:34]}
{[%emt 00:00:10]} 23. Qd3 {[%clk 01:20:08]} {[%emt 00:00:47]} Bb6 {[%clk
01:14:18]} {[%emt 00:00:45]} 24. b4 {[%clk 01:19:29]} {[%emt 00:01:09]} Qd7
{[%clk 01:13:56]} {[%emt 00:00:52]} 25. Qc2 {[%clk 01:19:30]} {[%emt 00:00:29]}
Re8 {[%clk 01:13:18]} {[%emt 00:01:09]} 26. Rxe8 {[%clk 01:19:35]} {[%emt
00:00:24]} Qxe8 {[%clk 01:13:41]} {[%emt 00:00:07]} 27. a4 {[%clk 01:19:55]}
{[%emt 00:00:10]} Qe1 {[%clk 01:13:44]} {[%emt 00:00:25]} 28. Kh2 {[%clk
01:20:15]} {[%emt 00:00:12]} Bxf2 {[%clk 01:13:12]} {[%emt 00:01:01]} 29. Qxc7
{[%clk 01:19:57]} {[%emt 00:00:48]} Qg1# {[%clk 01:13:38]} {[%emt 00:00:05]}
0-1

[Event "DVM U14 2022"]
[Site "Kelheim GER"]
[Date "2022.12.28"]
[Round "3"]
[White "Pimenov, Danil"]
[Black "Dubinker, Philipp"]
[Result "1-0"]
[Termination "normal"]
[Board "9.1"]
[WhiteElo "1378"]
[BlackElo "1639"]
[WhiteClock "00:19:45"]
[BlackClock "00:12:01"]
[WhiteTeam "SC Borussia Lichtenberg"]
[BlackTeam "SK Marburg 1931/72"]
[PlyCount "73"]
[WhiteFideId "34600248"]
[BlackFideId "34608320"]
[EventCountry "GER"]
[EventRounds "7"]
[EventType "team-swiss"]
[EventDate "2022.12.26"]

1. e4 {[%clk 01:30:57]} {[%emt 00:00:02]} e5 {[%clk 01:30:55]} {[%emt
00:00:05]} 2. Nf3 {[%clk 01:31:22]} {[%emt 00:00:05]} Nc6 {[%clk 01:31:18]}
{[%emt 00:00:07]} 3. Nc3 {[%clk 01:31:46]} {[%emt 00:00:05]} Nf6 {[%clk
01:31:25]} {[%emt 00:00:24]} 4. d4 {[%clk 01:32:10]} {[%emt 00:00:06]} exd4
{[%clk 01:30:52]} {[%emt 00:01:02]} 5. Nxd4 {[%clk 01:31:31]} {[%emt 00:01:10]}
Bb4 {[%clk 01:29:53]} {[%emt 00:01:29]} 6. Nxc6 {[%clk 01:31:53]} {[%emt
00:00:08]} bxc6 {[%clk 01:29:36]} {[%emt 00:00:47]} 7. Bd3 {[%clk 01:32:17]}
{[%emt 00:00:06]} d5 {[%clk 01:24:03]} {[%emt 00:06:03]} 8. exd5 {[%clk
01:32:37]} {[%emt 00:00:09]} cxd5 {[%clk 01:24:27]} {[%emt 00:00:07]} 9. O-O
{[%clk 01:33:02]} {[%emt 00:00:05]} O-O {[%clk 01:24:17]} {[%emt 00:00:39]} 10.
Qf3 {[%clk 01:32:28]} {[%emt 00:01:04]} h6 {[%clk 01:08:45]} {[%emt 00:16:03]}
11. h3 {[%clk 01:31:06]} {[%emt 00:01:53]} Bb7 {[%clk 01:03:10]} {[%emt
00:06:03]} 12. Bf4 {[%clk 01:28:30]} {[%emt 00:03:06]} Bd6 {[%clk 01:01:33]}
{[%emt 00:02:08]} 13. Rfe1 {[%clk 01:26:40]} {[%emt 00:02:20]} Rb8 {[%clk
00:55:25]} {[%emt 00:06:37]} 14. Bxd6 {[%clk 01:23:58]} {[%emt 00:03:13]} Qxd6
{[%clk 00:54:44]} {[%emt 00:01:11]} 15. b3 {[%clk 01:23:27]} {[%emt 00:01:01]}
a6 {[%clk 00:52:46]} {[%emt 00:02:27]} 16. Rad1 {[%clk 01:22:27]} {[%emt
00:01:31]} Rfe8 {[%clk 00:47:49]} {[%emt 00:05:26]} 17. Ne2 {[%clk 01:18:42]}
{[%emt 00:04:15]} Qa3 {[%clk 00:40:09]} {[%emt 00:08:10]} 18. Ng3 {[%clk
01:16:22]} {[%emt 00:02:50]} Qd6 {[%clk 00:32:17]} {[%emt 00:08:19]} 19. Nf5
{[%clk 01:13:07]} {[%emt 00:03:49]} Qb6 {[%clk 00:32:12]} {[%emt 00:00:33]} 20.
Qg3 {[%clk 01:09:35]} {[%emt 00:04:04]} Nh5 {[%clk 00:29:15]} {[%emt 00:03:26]}
21. Qg4 {[%clk 01:08:17]} {[%emt 00:01:49]} g6 {[%clk 00:25:36]} {[%emt
00:04:09]} 22. Nxh6 {[%clk 01:08:22]} {[%emt 00:00:24]} Kg7 {[%emt 00:01:16]}
23. Nf5 {[%clk 01:08:28]} {[%emt 00:00:23]} Kf8 {[%clk 00:23:20]} {[%emt
00:02:01]} 24. Qg5 {[%clk 01:05:55]} {[%emt 00:03:03]} Qf6 {[%clk 00:22:32]}
{[%emt 00:01:18]} 25. Qxf6 {[%clk 00:46:06]} {[%emt 00:20:19]} Nxf6 {[%clk
00:21:41]} {[%emt 00:01:21]} 26. Ng3 {[%clk 00:44:58]} {[%emt 00:01:38]} Nd7
{[%clk 00:19:45]} {[%emt 00:02:24]} 27. f4 {[%clk 00:35:39]} {[%emt 00:09:52]}
Nc5 {[%clk 00:18:35]} {[%emt 00:01:36]} 28. Kf2 {[%clk 00:31:51]} {[%emt
00:04:21]} Ne6 {[%clk 00:15:42]} {[%emt 00:03:24]} 29. f5 {[%clk 00:28:24]}
{[%emt 00:03:57]} Nf4 {[%clk 00:14:48]} {[%emt 00:01:22]} 30. fxg6 {[%clk
00:23:33]} {[%emt 00:05:22]} fxg6 {[%clk 00:14:55]} {[%emt 00:00:23]} 31. Ne2
{[%clk 00:22:40]} {[%emt 00:01:23]} Nxe2 {[%clk 00:12:50]} {[%emt 00:02:35]}
32. Rxe2 {[%clk 00:22:18]} {[%emt 00:00:53]} Kg7 {[%clk 00:12:31]} {[%emt
00:00:48]} 33. Rde1 {[%clk 00:22:10]} {[%emt 00:00:38]} Rf8 {[%clk 00:12:30]}
{[%emt 00:00:31]} 34. Kg3 {[%clk 00:22:16]} {[%emt 00:00:25]} Rf7 {[%clk
00:11:27]} {[%emt 00:01:32]} 35. Re6 {[%clk 00:20:47]} {[%emt 00:01:57]} Rf6
{[%clk 00:11:40]} {[%emt 00:00:19]} 36. Re7 {[%clk 00:19:47]} {[%emt 00:01:30]}
Rf7 {[%clk 00:12:01]} {[%emt 00:00:09]} 37. R1e6 {[%clk 00:19:45]} {[%emt
00:00:32]} 1-0